000 01043nam a22003137a 4500
001 BR0205754
003 BR-BrBNA
005 20230928101215.0
007 ta
008 230509b bl.||||| |||| 00| 0 por d
040 _aBR-BrBNA
_bpor
_cBiblioteca Nacional de Agricultura
041 _a(Por)
072 _aL53; L10
_b5212
090 _ 5212 BR0205754
100 1 _aPellegrino, C.A.G.
110 1 _aUniversidade Federal de Minas Gerais, Belo Horizonte (Brasil). Escola Veterinária
_0Tese (Mestre em Medicina Veterinária)
_910845
245 1 _aAplicação da mensuração da resistência elétrica do muco cérvico-vaginal de fêmeas bovinas
260 3 _aBelo Horizonte, MG (Brasil):
_c2002.
300 _a56 p.
500 _aSummaries (Eng, Por); Bibliography p. 40-49; 23 illus.
650 _aVACA
650 _aREPRODUÇÃO ANIMAL
650 _aEMBRIÃO
650 _aOVULAÇÃO
650 _aINSEMINAÇÃO ARTIFICIAL
650 _aMELHORAMENTO GENÉTICO ANIMAL
909 _a202309
_bLucia
_c55
_dLucia Elande
942 _cBK
999 _c64722
_d64722